000 00469nam a2200181Ia 4500
003 LK-CoDNM
008 010623t2004 xxu||||| |||| 00| 1 sin d
040 _aLK-CoDNM
_dLK-CoDNM
_eLK-CoDNM
041 _asin
080 _a133.52 WIL
100 _aWilliam,R.H.
245 _aපොරොන්දම් බලන හැටි
246 _aPorondam balana heti
260 _bGunasena
_aColombo
_c2004
300 _b89p., 21 cm
650 _aAstrology
942 _cBK
999 _c123888
_d123888